000 00395nam a2200145Ia 4500
008 220217s9999||||xx |||||||||||||| ||und||
020 _a81-203-1240-6
082 _a005.71 STA
100 _aStallings, Willam
245 0 _aData and computer communications
250 _a5th
260 _aPrentice hall of india
_bNew Delhi
_c2002
300 _b250
650 _aDATA COMMUNICATION
_91124
999 _c171360
_d171360